Detalles MARC
| 000 -LEADER |
| fixed length control field |
01650nam a2200421 a 4500 |
| 005 - FECHA ULTIMA MODIFICACION |
| control field |
20240327091400.0 |
| 008 - CAMPO DE CONTROL (LIBRO) |
| fixed length control field |
100805e1997||||ag 01 f01 s sp spa |
| 020 ## - INTERNATIONAL STANDARD BOOK NUMBER |
| ISBN |
9507861475 |
| 041 ## - CODIGO DE IDIOMA |
| Código de idioma del texto/pista de sonido o título separado |
spa |
| 092 ## - SIGNATURA TOPOGRAFICA DEWEY LOCAL |
| número de clasificación |
149.7 |
| libristica |
51 |
| sección |
MAL |
| 100 1# - ENTRADA PRINCIPAL--NOMBRE PERSONAL |
| Nombre personal |
Maliandi, Ricardo |
| 9 (RLIN) |
963 |
| 245 ## - TITULO PROPIAMENTE DICHO |
| Título |
Volver a la razón / |
| Mención de responsabilidad y remanente de la transcripción de la portada |
Ricardo, Maliandi |
| 250 ## - MENCION DE EDICION |
| Mención de edición |
1a ed. |
| 260 ## - PIE DE IMPRENTA |
| Lugar de publicación, distribución, etc |
Buenos Aires: |
| Nombre de la editorial, distribuidor, etc |
Biblos; |
| Fecha de publicación |
1997. |
| 300 ## - DESCRIPCION FISICA |
| Extension |
200 p. |
| Dimensiones |
23 x16 cm |
| 500 ## - NOTA GENERAL |
| Nota general |
Maliandi, R. (1997). Volver a la razón. (1a ed.). Buenos Aires : Biblios. |
| 590 ## - NOTAS LOCALES (RLIN) |
| Nota local |
Donación Dora Vera,febrero 2017 |
| 653 ## - TÉRMINO INDIZADO - PALABRAS CLAVES |
| Palabra clave |
Prolegómenos para una crítica de la razón unidimensional |
| 653 #3 - TÉRMINO INDIZADO - PALABRAS CLAVES |
| Palabra clave |
La insoportable gravedad del logos |
| 653 ## - TÉRMINO INDIZADO - PALABRAS CLAVES |
| Palabra clave |
Irracionalismo y posmodernidad |
| 653 ## - TÉRMINO INDIZADO - PALABRAS CLAVES |
| Palabra clave |
Crítica y conflictividad |
| 653 #3 - TÉRMINO INDIZADO - PALABRAS CLAVES |
| Palabra clave |
El derecho a la crítica |
| 653 ## - TÉRMINO INDIZADO - PALABRAS CLAVES |
| Palabra clave |
Pluralismo light y pluralismo fuerte |
| 653 ## - TÉRMINO INDIZADO - PALABRAS CLAVES |
| Palabra clave |
Razón y conflictividad |
| 653 ## - TÉRMINO INDIZADO - PALABRAS CLAVES |
| Palabra clave |
Cinco tesis sobre la racionalidad de la acción |
| 653 #3 - TÉRMINO INDIZADO - PALABRAS CLAVES |
| Palabra clave |
La cuadruple relación entre logos y pathos |
| 653 #3 - TÉRMINO INDIZADO - PALABRAS CLAVES |
| Palabra clave |
La versión kantiana de la razón perezosa |
| 653 ## - TÉRMINO INDIZADO - PALABRAS CLAVES |
| Palabra clave |
Razón dialógica |
| 653 ## - TÉRMINO INDIZADO - PALABRAS CLAVES |
| Palabra clave |
Autocontradicciones performativas |
| 653 ## - TÉRMINO INDIZADO - PALABRAS CLAVES |
| Palabra clave |
Más acá de lo empírico. El concepto de lo a priori y el paradigma de la conciencia |
| 653 #3 - TÉRMINO INDIZADO - PALABRAS CLAVES |
| Palabra clave |
La prágmatica transcendental de Karl- Otto Apel |
| 653 ## - TÉRMINO INDIZADO - PALABRAS CLAVES |
| Palabra clave |
Verdad, falibilismo y fundamentación |
| 653 #3 - TÉRMINO INDIZADO - PALABRAS CLAVES |
| Palabra clave |
El trilema de Aristófanes y los presupuestos normativos del diálogo critico |
| 653 ## - TÉRMINO INDIZADO - PALABRAS CLAVES |
| Palabra clave |
Hablar enserio sobre el uso del humor en el discurso práctico |
| 653 ## - TÉRMINO INDIZADO - PALABRAS CLAVES |
| Palabra clave |
Modos de argumentación |
| 930 ## - NUMERO DE INVENTARIO |
| Número de inventario |
3765 |
| 942 ## - ADDED ENTRY ELEMENTS (KOHA) |
| Source of classification or shelving scheme |
Dewey Decimal Classification |
| Item type |
Libros |